| 000 | 00713nam a2200265Ia 4500 | ||
|---|---|---|---|
| 005 | 20250425162607.0 | ||
| 008 | 250425s9999 xx 000 0 und d | ||
| 020 | _a0314025820 | ||
| 041 | _aeng | ||
| 082 | _a341.753 | ||
| 100 | _aLEROY MILLER, ROGER | ||
| 245 | 0 | _aBUSINESS LAW TODAY: TEXT, SUMMARIZED CASES, LEGAL, ETHICAL, REGULATORY AND INTERNATIONAL ENVIRONMENT | |
| 250 | _a3RD ED. | ||
| 260 |
_aEstados Unidos _bLEROY MILLER, ROGER; JENTZ, GAYLORD A. _c1994 |
||
| 260 |
_aS.L. _bWEST |
||
| 300 | _a898 | ||
| 500 | _aDONACION | ||
| 650 | _aAMBIENTE | ||
| 650 | _aDERECHO | ||
| 650 | _aETICA | ||
| 650 | _aNEGOCIOS | ||
| 710 | _aWEST PUBLISHING COMPANY | ||
| 942 | _c01 | ||
| 010 | _a88070 | ||
| 999 |
_c232427 _d232427 |
||